LIBRARY & INFORMATION CENTRE, KCAET, TAVANUR

ONLINE PUBLIC ACCESS CATALOGUE (OPAC)

Applied mechanics / (Record no. 214)

MARC details
000 -LEADER
fixed length control field 00520cam a2200217ua 4500
041 ## - LANGUAGE CODE
Language code of text/sound track or separate title eng
082 ## - DEWEY DECIMAL CLASSIFICATION NUMBER
Classification number 620.1
Item number JAI/AP
100 ## - MAIN ENTRY--AUTHOR NAME
Personal name Jainti, Prasad.
245 ## - TITLE STATEMENT
Title Applied mechanics /
250 ## - EDITION STATEMENT
Edition statement 1 /
260 ## - PUBLICATION, DISTRIBUTION, ETC. (IMPRINT)
Place of publication Roorkee :
Name of publisher Roorkee Publishing House ,
Year of publication 1963.
300 ## - PHYSICAL DESCRIPTION
Number of Pages 294 ; .
650 ## - SUBJECT ADDED ENTRY--TOPICAL TERM
Topical Term Mechanics
700 1# - ADDED ENTRY--PERSONAL NAME
Personal name Shukla, D P.
942 ## - ADDED ENTRY ELEMENTS (KOHA)
Koha item type Books
Holdings
Withdrawn status Lost status Damaged status Home library Current library Date acquired Full call number Accession Number Koha item type
      KAUAET KAUAET 07/04/2012 620.1 JAI/AP 12223 Books
      KAUAET KAUAET 07/04/2012 620.1 JAI/AP 12228 Books
free website counter